|
|
|
|
| LEADER |
01215nam a2200325 a 4500 |
| 001 |
37724 |
| 003 |
BD-DhAAL |
| 005 |
20220214163041.0 |
| 008 |
220214t1987 nyuak b 001 0 eng |
| 999 |
|
|
|c 43507
|d 43507
|
| 010 |
|
|
|a 86033493
|
| 020 |
|
|
|a 006042401X (pbk.)
|
| 020 |
|
|
|a 0060423978
|
| 040 |
|
|
|a DLC
|c DLC
|d DLC
|d BD-DhAAL
|
| 050 |
0 |
0 |
|a LB1025.2
|b .G62 1987
|
| 082 |
0 |
0 |
|a 371.1/02
|2 23
|
| 100 |
1 |
|
|a Good, Thomas L.,
|d 1943-
|9 45773
|
| 245 |
1 |
0 |
|a Looking in classrooms /
|c Thomas L. Good, Jere E. Brophy.
|
| 250 |
|
|
|a Forth edition
|
| 260 |
|
|
|a New York :
|b Harper & Row,
|c c1987.
|
| 300 |
|
|
|a xii, 612 pages :
|b illustrations, forms ;
|c 24 cm.
|
| 504 |
|
|
|a Includes bibliographies and indexes.
|
| 541 |
|
|
|a Complimentary copy from BIED
|e 37724
|
| 650 |
|
0 |
|a Teaching.
|9 45774
|
| 650 |
|
0 |
|a Classroom management.
|9 45775
|
| 650 |
|
0 |
|a Observation (Educational method)
|9 45776
|
| 700 |
1 |
|
|a Brophy, Jere E.
|9 45777
|
| 852 |
|
|
|a Ayesha Abed Library
|c BIED Collection
|
| 942 |
|
|
|2 ddc
|c BK
|
| 952 |
|
|
|0 0
|1 0
|2 ddc
|4 0
|6 371_102000000000000_GOO
|7 0
|9 69796
|a BRACUL
|b BRACUL
|c GEN
|d 2022-02-14
|e Complimentary copy from BIED
|l 0
|o 371.102 GOO
|p 3010037724
|r 2022-02-14
|w 2022-02-14
|y BK
|x Transferred from BIED to General Stacks
|